[Event "DEM U8 2025"]
[Site "Willingen GER"]
[Date "2025.06.11"]
[Round "1"]
[White "Mâallem, Mats"]
[Black "Liu, Yining"]
[Result "0-1"]
[Termination "normal"]
[Board "1"]
[WhiteElo "1157"]
[BlackElo "1677"]
[WhiteClock "00:31:20"]
[BlackClock "00:13:21"]
[PlyCount "80"]
[BlackFideId "8655049"]
[EventCountry "GER"]
[EventRounds "7"]
[EventType "swiss"]
[EventDate "2025.06.10"]

1. e4 {[%clk 01:00:29]} {[%emt 00:00:02]} e5 {[%clk 01:00:32]} {[%emt
00:00:13]} 2. Nf3 {[%clk 01:00:23]} {[%emt 00:00:20]} Nc6 {[%clk 01:00:23]}
{[%emt 00:00:25]} 3. d4 {[%clk 01:00:12]} {[%emt 00:00:24]} exd4 {[%clk
00:59:58]} {[%emt 00:00:41]} 4. Bc4 {[%clk 00:59:40]} {[%emt 00:00:47]} Bc5
{[%clk 00:58:15]} {[%emt 00:01:58]} 5. c3 {[%clk 00:58:56]} {[%emt 00:00:59]}
Nf6 {[%clk 00:57:32]} {[%emt 00:00:58]} 6. cxd4 {[%clk 00:58:36]} {[%emt
00:00:35]} Bb4+ {[%clk 00:55:45]} {[%emt 00:02:02]} 7. Bd2 {[%clk 00:57:24]}
{[%emt 00:01:27]} Bxd2+ {[%clk 00:52:51]} {[%emt 00:03:09]} 8. Nbxd2 {[%clk
00:57:16]} {[%emt 00:00:23]} d5 {[%clk 00:48:22]} {[%emt 00:04:44]} 9. exd5
{[%clk 00:55:57]} {[%emt 00:01:34]} Nxd5 {[%clk 00:47:59]} {[%emt 00:00:38]}
10. O-O {[%clk 00:55:20]} {[%emt 00:00:52]} O-O {[%clk 00:45:41]} {[%emt
00:02:32]} 11. Qb3 {[%clk 00:54:01]} {[%emt 00:01:34]} Na5 {[%clk 00:29:16]}
{[%emt 00:16:41]} 12. Qc2 {[%clk 00:51:32]} {[%emt 00:02:44]} Be6 {[%clk
00:24:54]} {[%emt 00:04:38]} 13. Bxd5 {[%emt 00:01:50]} Bxd5 {[%clk 00:24:29]}
{[%emt 00:00:38]} 14. Rac1 {[%clk 00:47:58]} {[%emt 00:02:14]} Nc6 {[%clk
00:23:52]} {[%emt 00:00:52]} 15. Nb3 {[%clk 00:46:43]} {[%emt 00:01:30]} b6
{[%clk 00:18:21]} {[%emt 00:05:47]} 16. Qe2 {[%clk 00:45:29]} {[%emt 00:01:28]}
Re8 {[%clk 00:17:59]} {[%emt 00:00:38]} 17. Qd3 {[%emt 00:01:15]} Nb4 {[%clk
00:16:21]} {[%emt 00:01:52]} 18. Qb5 {[%clk 00:39:46]} {[%emt 00:05:00]} a5
{[%clk 00:14:48]} {[%emt 00:01:48]} 19. a3 {[%clk 00:37:58]} {[%emt 00:02:01]}
c6 {[%clk 00:14:38]} {[%emt 00:00:26]} 20. Rxc6 {[%clk 00:36:10]} {[%emt
00:02:02]} Bxc6 {[%clk 00:14:49]} {[%emt 00:00:05]} 21. Qh5 {[%clk 00:35:12]}
{[%emt 00:01:12]} a4 {[%clk 00:14:00]} {[%emt 00:01:06]} 22. axb4 {[%clk
00:35:02]} {[%emt 00:00:24]} Bxf3 {[%clk 00:13:42]} {[%emt 00:00:33]} 23. Qxf3
{[%clk 00:35:06]} {[%emt 00:00:11]} axb3 {[%clk 00:13:52]} {[%emt 00:00:05]}
24. Qxb3 {[%clk 00:34:51]} {[%emt 00:00:30]} Qxd4 {[%clk 00:14:01]} {[%emt
00:00:06]} 25. Rd1 {[%clk 00:33:55]} {[%emt 00:01:10]} Rad8 {[%clk 00:13:36]}
{[%emt 00:00:41]} 26. Rf1 {[%clk 00:33:24]} {[%emt 00:00:46]} b5 {[%clk
00:13:24]} {[%emt 00:00:27]} 27. h3 {[%clk 00:32:59]} {[%emt 00:00:40]} Qc4
{[%clk 00:13:26]} {[%emt 00:00:12]} 28. Qxc4 {[%clk 00:32:35]} {[%emt
00:00:40]} bxc4 {[%clk 00:13:34]} {[%emt 00:00:07]} 29. Rc1 {[%clk 00:32:22]}
{[%emt 00:00:27]} Rd2 {[%clk 00:13:34]} {[%emt 00:00:16]} 30. Rxc4 {[%clk
00:32:18]} {[%emt 00:00:19]} Rxb2 {[%clk 00:13:39]} {[%emt 00:00:10]} 31. Rd4
{[%clk 00:32:08]} {[%emt 00:00:25]} h6 {[%clk 00:13:44]} {[%emt 00:00:10]} 32.
Rf4 {[%clk 00:32:04]} {[%emt 00:00:19]} g5 {[%clk 00:13:43]} {[%emt 00:00:15]}
33. Rf6 {[%clk 00:32:00]} {[%emt 00:00:19]} Kg7 {[%clk 00:13:55]} {[%emt
00:00:02]} 34. Rf5 {[%clk 00:32:07]} {[%emt 00:00:10]} Rxb4 {[%clk 00:14:02]}
{[%emt 00:00:08]} 35. g3 {[%clk 00:32:02]} {[%emt 00:00:19]} Kg6 {[%clk
00:13:51]} {[%emt 00:00:27]} 36. Rf3 {[%clk 00:32:01]} {[%emt 00:00:16]} f5
{[%clk 00:13:41]} {[%emt 00:00:25]} 37. Kg2 {[%clk 00:32:02]} {[%emt 00:00:14]}
Rb1 {[%clk 00:13:14]} {[%emt 00:00:41]} 38. Ra3 {[%clk 00:31:44]} {[%emt
00:00:33]} Ree1 {[%clk 00:13:01]} {[%emt 00:00:29]} 39. Ra6+ {[%clk 00:31:43]}
{[%emt 00:00:16]} Kh5 {[%clk 00:13:11]} {[%emt 00:00:05]} 40. f3 {[%clk
00:31:20]} {[%emt 00:00:37]} Re2# {[%clk 00:13:21]} {[%emt 00:00:06]} 0-1

[Event "DEM U8 2025"]
[Site "Willingen GER"]
[Date "2025.06.11"]
[Round "1"]
[White "Ju, Eric Zirui"]
[Black "Fabritius, Sylvester"]
[Result "1-0"]
[Termination "normal"]
[Board "2"]
[WhiteElo "1563"]
[BlackElo "1147"]
[WhiteClock "00:22:41"]
[BlackClock "00:27:29"]
[PlyCount "75"]
[WhiteFideId "533011192"]
[BlackFideId "533026246"]
[EventCountry "GER"]
[EventRounds "7"]
[EventType "swiss"]
[EventDate "2025.06.10"]

1. e4 {[%clk 01:00:26]} {[%emt 00:00:04]} e6 {[%clk 01:00:22]} {[%emt
00:00:08]} 2. d4 {[%clk 01:00:33]} {[%emt 00:00:08]} d5 {[%clk 01:00:31]}
{[%emt 00:00:06]} 3. Nd2 {[%clk 01:00:40]} {[%emt 00:00:08]} dxe4 {[%clk
01:00:36]} {[%emt 00:00:08]} 4. Nxe4 {[%clk 01:00:42]} {[%emt 00:00:15]} Nd7
{[%clk 01:00:42]} {[%emt 00:00:08]} 5. Nf3 {[%clk 01:00:43]} {[%emt 00:00:15]}
Ngf6 {[%clk 01:00:42]} {[%emt 00:00:15]} 6. Nxf6+ {[%clk 01:00:44]} {[%emt
00:00:15]} Nxf6 {[%clk 01:00:30]} {[%emt 00:00:26]} 7. Bd3 {[%clk 01:00:43]}
{[%emt 00:00:17]} Bd7 {[%clk 01:00:24]} {[%emt 00:00:21]} 8. O-O {[%clk
00:59:54]} {[%emt 00:01:00]} c5 {[%clk 01:00:25]} {[%emt 00:00:17]} 9. c3
{[%emt 00:01:03]} Be7 {[%emt 00:00:13]} 10. h3 {[%clk 00:55:16]} {[%emt
00:02:32]} O-O {[%clk 01:00:23]} {[%emt 00:01:24]} 11. Be3 {[%clk 00:54:38]}
{[%emt 00:00:53]} cxd4 {[%clk 00:59:41]} {[%emt 00:00:56]} 12. Bxd4 {[%clk
00:53:44]} {[%emt 00:01:09]} Bc6 {[%clk 00:59:20]} {[%emt 00:00:36]} 13. Ne5
{[%clk 00:52:34]} {[%emt 00:01:26]} Qd5 {[%clk 00:57:02]} {[%emt 00:02:33]} 14.
Nxc6 {[%clk 00:51:50]} {[%emt 00:00:58]} Qxc6 {[%clk 00:56:53]} {[%emt
00:00:24]} 15. Re1 {[%clk 00:50:13]} {[%emt 00:01:52]} Rfd8 {[%clk 00:56:09]}
{[%emt 00:00:59]} 16. Qc2 {[%clk 00:49:02]} {[%emt 00:01:26]} h6 {[%clk
00:55:29]} {[%emt 00:00:56]} 17. Rad1 {[%clk 00:44:35]} {[%emt 00:04:41]} Rac8
{[%clk 00:51:22]} {[%emt 00:04:23]} 18. Rd2 {[%clk 00:42:52]} {[%emt 00:01:58]}
b5 {[%clk 00:48:30]} {[%emt 00:03:06]} 19. Bxa7 {[%clk 00:40:13]} {[%emt
00:02:54]} Ra8 {[%clk 00:48:01]} {[%emt 00:00:45]} 20. Bd4 {[%clk 00:39:09]}
{[%emt 00:01:18]} Rxa2 {[%clk 00:47:11]} {[%emt 00:01:05]} 21. Qb3 {[%clk
00:35:35]} {[%emt 00:03:49]} Ra5 {[%clk 00:46:49]} {[%emt 00:00:38]} 22. Rdd1
{[%clk 00:33:57]} {[%emt 00:01:52]} b4 {[%clk 00:46:15]} {[%emt 00:00:49]} 23.
Bxf6 {[%clk 00:33:04]} {[%emt 00:01:09]} Bxf6 {[%clk 00:45:25]} {[%emt
00:01:05]} 24. Qxb4 {[%clk 00:32:01]} {[%emt 00:01:16]} Rg5 {[%clk 00:40:47]}
{[%emt 00:04:55]} 25. Be4 {[%clk 00:31:33]} {[%emt 00:00:42]} Qc7 {[%clk
00:39:30]} {[%emt 00:01:32]} 26. Rxd8+ {[%clk 00:29:11]} {[%emt 00:02:37]} Qxd8
{[%clk 00:38:21]} {[%emt 00:01:24]} 27. Ra1 {[%clk 00:28:39]} {[%emt 00:00:47]}
Be7 {[%clk 00:33:49]} {[%emt 00:04:47]} 28. Qb7 {[%clk 00:27:28]} {[%emt
00:01:27]} Qd6 {[%clk 00:32:22]} {[%emt 00:01:41]} 29. Ra8+ {[%clk 00:26:22]}
{[%emt 00:01:21]} Bf8 {[%clk 00:32:04]} {[%emt 00:00:34]} 30. b4 {[%clk
00:24:23]} {[%emt 00:02:13]} Qd1+ {[%clk 00:31:17]} {[%emt 00:01:03]} 31. Kh2
{[%clk 00:23:22]} {[%emt 00:01:15]} Qe2 {[%clk 00:30:20]} {[%emt 00:01:13]} 32.
Rxf8+ {[%clk 00:22:41]} {[%emt 00:00:56]} Kxf8 {[%clk 00:30:08]} {[%emt
00:00:27]} 33. Qc8+ {[%clk 00:22:35]} {[%emt 00:00:21]} Ke7 {[%clk 00:30:01]}
{[%emt 00:00:21]} 34. Qc7+ {[%clk 00:22:26]} {[%emt 00:00:25]} Kf6 {[%clk
00:29:36]} {[%emt 00:00:39]} 35. Qd8+ {[%clk 00:22:34]} {[%emt 00:00:07]} Ke5
{[%clk 00:28:43]} {[%emt 00:01:09]} 36. Qd4+ {[%clk 00:22:36]} {[%emt
00:00:13]} Kf4 {[%clk 00:27:44]} {[%emt 00:01:14]} 37. Bd3+ {[%clk 00:22:41]}
{[%emt 00:00:10]} Qe4 {[%clk 00:27:29]} {[%emt 00:00:29]} 38. Qxe4# {[%emt
00:00:44]} 1-0

[Event "DEM U8 2025"]
[Site "Willingen GER"]
[Date "2025.06.11"]
[Round "1"]
[White "Stein, Fabian"]
[Black "Subenko, Alexander"]
[Result "0-1"]
[Termination "normal"]
[Board "3"]
[WhiteElo "1139"]
[BlackElo "1714"]
[WhiteClock "00:21:22"]
[BlackClock "00:20:06"]
[PlyCount "76"]
[BlackFideId "533017077"]
[EventCountry "GER"]
[EventRounds "7"]
[EventType "swiss"]
[EventDate "2025.06.10"]

1. e4 {[%clk 01:00:28]} {[%emt 00:00:02]} c5 {[%clk 00:59:55]} {[%emt
00:00:35]} 2. d4 {[%clk 01:00:33]} {[%emt 00:00:09]} cxd4 {[%clk 00:59:39]}
{[%emt 00:00:32]} 3. c3 {[%clk 01:00:36]} {[%emt 00:00:13]} dxc3 {[%clk
00:59:34]} {[%emt 00:00:19]} 4. Nxc3 {[%clk 01:00:17]} {[%emt 00:00:34]} e6
{[%clk 00:59:16]} {[%emt 00:00:34]} 5. Nf3 {[%clk 01:00:20]} {[%emt 00:00:12]}
Bb4 {[%clk 00:59:13]} {[%emt 00:00:18]} 6. Bd2 {[%clk 00:59:48]} {[%emt
00:00:47]} Ne7 {[%clk 00:58:56]} {[%emt 00:00:33]} 7. Bb5 {[%clk 00:59:34]}
{[%emt 00:00:29]} a6 {[%clk 00:56:48]} {[%emt 00:02:24]} 8. Bc4 {[%clk
00:58:10]} {[%emt 00:01:37]} Nbc6 {[%clk 00:56:44]} {[%emt 00:00:20]} 9. O-O
{[%clk 00:57:48]} {[%emt 00:00:36]} b5 {[%clk 00:55:37]} {[%emt 00:01:24]} 10.
Bb3 {[%clk 00:56:59]} {[%emt 00:01:03]} Bb7 {[%clk 00:53:01]} {[%emt 00:02:52]}
11. a3 {[%clk 00:56:09]} {[%emt 00:01:02]} Ba5 {[%clk 00:52:19]} {[%emt
00:00:59]} 12. Re1 {[%clk 00:55:06]} {[%emt 00:01:17]} O-O {[%clk 00:51:54]}
{[%emt 00:00:41]} 13. Bc2 {[%clk 00:52:37]} {[%emt 00:02:44]} Qc7 {[%clk
00:47:05]} {[%emt 00:05:05]} 14. b4 {[%emt 00:02:06]} Bb6 {[%clk 00:45:40]}
{[%emt 00:01:38]} 15. Ne2 {[%clk 00:49:56]} {[%emt 00:01:06]} Rad8 {[%clk
00:44:44]} {[%emt 00:01:10]} 16. Rc1 {[%clk 00:48:53]} {[%emt 00:01:17]} Qb8
{[%clk 00:44:22]} {[%emt 00:00:38]} 17. Bf4 {[%clk 00:48:19]} {[%emt 00:00:49]}
Qa7 {[%clk 00:44:09]} {[%emt 00:00:29]} 18. Rf1 {[%clk 00:45:41]} {[%emt
00:02:52]} d5 {[%clk 00:39:31]} {[%emt 00:04:54]} 19. Bg5 {[%clk 00:44:30]}
{[%emt 00:01:24]} dxe4 {[%clk 00:38:36]} {[%emt 00:01:08]} 20. Nd2 {[%clk
00:43:28]} {[%emt 00:01:19]} Bxf2+ {[%emt 00:01:27]} 21. Rxf2 {[%clk 00:42:34]}
{[%emt 00:01:03]} e3 {[%clk 00:37:30]} {[%emt 00:00:15]} 22. Bxe3 {[%clk
00:42:30]} {[%emt 00:00:18]} Qxe3 {[%clk 00:37:35]} {[%emt 00:00:11]} 23. Ng3
{[%clk 00:42:05]} {[%emt 00:00:40]} Ne5 {[%clk 00:30:02]} {[%emt 00:07:48]} 24.
Rb1 {[%clk 00:39:17]} {[%emt 00:03:02]} Nc4 {[%clk 00:29:20]} {[%emt 00:00:58]}
25. Ngf1 {[%clk 00:37:22]} {[%emt 00:02:09]} Qb6 {[%clk 00:27:43]} {[%emt
00:01:13]} 26. Qc1 {[%clk 00:35:45]} {[%emt 00:02:31]} Nxd2 {[%clk 00:26:23]}
{[%emt 00:01:36]} 27. Nxd2 {[%clk 00:35:16]} {[%emt 00:00:44]} Rd7 {[%clk
00:26:14]} {[%emt 00:00:25]} 28. Nb3 {[%clk 00:33:20]} {[%emt 00:02:11]} Rfd8
{[%clk 00:25:20]} {[%emt 00:01:10]} 29. Kf1 {[%clk 00:31:15]} {[%emt 00:02:17]}
Bd5 {[%clk 00:24:35]} {[%emt 00:01:03]} 30. Na5 {[%clk 00:28:58]} {[%emt
00:02:32]} Nc6 {[%clk 00:24:24]} {[%emt 00:00:26]} 31. Nb3 {[%clk 00:26:53]}
{[%emt 00:02:20]} Bc4+ {[%clk 00:24:30]} {[%emt 00:00:08]} 32. Kg1 {[%clk
00:26:51]} {[%emt 00:00:16]} Bxb3 {[%clk 00:23:11]} {[%emt 00:01:34]} 33. Rxb3
{[%clk 00:25:50]} {[%emt 00:01:16]} Rd2 {[%clk 00:21:12]} {[%emt 00:02:14]} 34.
Rbf3 {[%clk 00:25:04]} {[%emt 00:01:00]} Nd4 {[%clk 00:20:13]} {[%emt
00:01:16]} 35. Rxf7 {[%clk 00:24:13]} {[%emt 00:01:06]} Ne2+ {[%clk 00:19:53]}
{[%emt 00:00:35]} 36. Kh1 {[%clk 00:22:55]} {[%emt 00:01:28]} Nxc1 {[%clk
00:20:02]} {[%emt 00:00:11]} 37. Rf8+ {[%clk 00:21:28]} {[%emt 00:01:42]} Rxf8
{[%clk 00:20:06]} {[%emt 00:00:11]} 38. Rxd2 {[%clk 00:21:22]} {[%emt
00:00:21]} Rf1# {[%emt 00:00:13]} 0-1

[Event "DEM U8 2025"]
[Site "Willingen GER"]
[Date "2025.06.11"]
[Round "1"]
[White "Trifonov, Martin"]
[Black "Breaz, Arthur"]
[Result "1-0"]
[Termination "normal"]
[Board "4"]
[WhiteElo "1397"]
[BlackElo "1409"]
[WhiteClock "00:26:55"]
[BlackClock "00:28:07"]
[PlyCount "85"]
[WhiteFideId "2966204"]
[BlackFideId "42217008"]
[EventCountry "GER"]
[EventRounds "7"]
[EventType "swiss"]
[EventDate "2025.06.10"]

1. e4 {[%clk 01:00:28]} d5 {[%clk 01:00:23]} {[%emt 00:00:08]} 2. exd5 {[%clk
01:00:32]} {[%emt 00:00:11]} Qxd5 {[%clk 01:00:31]} {[%emt 00:00:07]} 3. Nc3
{[%clk 01:00:26]} {[%emt 00:00:20]} Qa5 {[%clk 01:00:41]} {[%emt 00:00:06]} 4.
d4 {[%clk 01:00:32]} {[%emt 00:00:08]} c6 {[%clk 01:00:51]} {[%emt 00:00:06]}
5. Bd2 {[%clk 01:00:27]} {[%emt 00:00:19]} Nf6 {[%emt 00:00:08]} 6. Nf3 {[%emt
00:01:39]} Bf5 {[%clk 01:00:22]} {[%emt 00:00:51]} 7. Bc4 {[%clk 00:58:42]}
{[%emt 00:00:36]} Qc7 {[%clk 01:00:08]} {[%emt 00:00:29]} 8. Rc1 {[%clk
00:56:53]} {[%emt 00:02:03]} e6 {[%clk 00:59:24]} {[%emt 00:01:00]} 9. h3
{[%clk 00:54:30]} {[%emt 00:02:37]} Bd6 {[%clk 00:59:02]} {[%emt 00:00:38]} 10.
Qe2 {[%clk 00:53:32]} {[%emt 00:01:13]} Nbd7 {[%clk 00:57:34]} {[%emt
00:01:43]} 11. a3 {[%clk 00:51:42]} {[%emt 00:02:05]} Rc8 {[%clk 00:55:19]}
{[%emt 00:02:31]} 12. b4 {[%clk 00:50:56]} {[%emt 00:01:00]} a6 {[%clk
00:53:06]} {[%emt 00:02:28]} 13. Nh4 {[%clk 00:49:09]} {[%emt 00:02:01]} O-O
{[%clk 00:50:53]} {[%emt 00:02:29]} 14. Nxf5 {[%clk 00:49:04]} {[%emt
00:00:19]} exf5 {[%clk 00:51:05]} {[%emt 00:00:04]} 15. O-O {[%clk 00:49:06]}
{[%emt 00:00:12]} Rfe8 {[%clk 00:48:18]} {[%emt 00:03:02]} 16. Qf3 {[%clk
00:48:44]} {[%emt 00:00:37]} g6 {[%clk 00:48:00]} {[%emt 00:00:34]} 17. Bh6
{[%clk 00:48:31]} {[%emt 00:00:26]} Rcd8 {[%clk 00:45:33]} {[%emt 00:02:45]}
18. Bb3 {[%clk 00:46:26]} {[%emt 00:02:15]} Nb6 {[%clk 00:43:36]} {[%emt
00:02:16]} 19. Rcd1 {[%clk 00:45:40]} {[%emt 00:01:00]} Rc8 {[%clk 00:41:18]}
{[%emt 00:02:34]} 20. Rfe1 {[%clk 00:43:29]} {[%emt 00:02:25]} Red8 {[%clk
00:40:20]} {[%emt 00:01:13]} 21. Qe3 {[%clk 00:42:33]} {[%emt 00:01:12]} Re8
{[%clk 00:39:46]} {[%emt 00:00:49]} 22. Qg5 {[%clk 00:42:17]} {[%emt 00:00:26]}
Be7 {[%clk 00:38:51]} {[%emt 00:01:14]} 23. Qf4 {[%clk 00:37:46]} {[%emt
00:04:42]} Bd6 {[%clk 00:38:10]} {[%emt 00:01:00]} 24. Qh4 {[%clk 00:35:40]}
{[%emt 00:02:20]} Be7 {[%clk 00:37:58]} {[%emt 00:00:29]} 25. Bg5 {[%emt
00:00:15]} Nfd5 {[%clk 00:36:10]} {[%emt 00:02:00]} 26. Nxd5 {[%clk 00:35:29]}
{[%emt 00:00:28]} Nxd5 {[%clk 00:36:17]} {[%emt 00:00:08]} 27. Bxe7 {[%clk
00:34:37]} {[%emt 00:01:05]} Rxe7 {[%clk 00:35:20]} {[%emt 00:01:13]} 28. Rxe7
{[%clk 00:34:33]} {[%emt 00:00:19]} Qxe7 {[%clk 00:34:32]} {[%emt 00:01:04]}
29. Qxe7 {[%clk 00:34:10]} {[%emt 00:00:38]} Nxe7 {[%clk 00:34:35]} {[%emt
00:00:12]} 30. Re1 {[%clk 00:34:06]} {[%emt 00:00:19]} Kf8 {[%clk 00:33:45]}
{[%emt 00:01:05]} 31. g4 {[%clk 00:34:00]} {[%emt 00:00:21]} Rd8 {[%clk
00:32:58]} {[%emt 00:01:01]} 32. c3 {[%clk 00:33:34]} {[%emt 00:00:41]} Rd7
{[%clk 00:31:55]} {[%emt 00:01:18]} 33. Kg2 {[%clk 00:32:44]} {[%emt 00:01:06]}
Rc7 {[%clk 00:31:45]} {[%emt 00:00:25]} 34. f4 {[%clk 00:32:13]} {[%emt
00:00:45]} Rd7 {[%clk 00:31:43]} {[%emt 00:00:18]} 35. Kg3 {[%clk 00:31:28]}
{[%emt 00:01:00]} Rc7 {[%clk 00:31:22]} {[%emt 00:00:36]} 36. Kh4 {[%clk
00:30:03]} {[%emt 00:01:39]} h6 {[%clk 00:30:42]} {[%emt 00:00:57]} 37. Kg3
{[%clk 00:29:57]} {[%emt 00:00:19]} Rd7 {[%clk 00:30:48]} {[%emt 00:00:11]} 38.
h4 {[%clk 00:29:50]} {[%emt 00:00:20]} Rc7 {[%clk 00:30:06]} {[%emt 00:00:59]}
39. h5 {[%clk 00:29:12]} {[%emt 00:00:52]} Kg7 {[%clk 00:29:57]} {[%emt
00:00:25]} 40. g5 {[%clk 00:28:32]} {[%emt 00:00:53]} Ng8 {[%clk 00:28:55]}
{[%emt 00:01:18]} 41. hxg6 {[%clk 00:27:19]} {[%emt 00:01:27]} Kxg6 {[%clk
00:29:04]} {[%emt 00:00:07]} 42. Re8 {[%clk 00:26:59]} {[%emt 00:00:35]} Kg7
{[%clk 00:28:07]} {[%emt 00:01:12]} 43. g6 {[%clk 00:26:55]} {[%emt 00:00:18]}
1-0